000 00268nam a2200109Ia 4500
008 220204s9999 xx 000 0 und d
082 _a331.07
_bHUS
100 _aHUSBAND, J I
245 0 _aLabour administration
260 _aNew Delhi
_bOxford & IBH
_c1980
942 _cBK
999 _c36552
_d36552